• 首页
  • 本馆介绍
  • 公告通知
  • 最新文献
  • 馆藏检索
  • 电子资源
  • 读者导购
  • 参考咨询
  • 我的图书馆
  • 登录
  • 详细信息显示
  • 放入我的书架
  • 预约/预借图书
  • 作者相关作品
  • 分类相关作品
  • 丛书相关作品
  • 出版社相关作品

书目信息

  • 表格格式
  • 工作单格式
  • 卡片格式
题名:
量子力学
    
 
作者: 曾谨言 编著
分册: 上册  
出版信息: 北京   科学出版社  1981.7
页数: 296页
开本: 20cm
丛书名: 现代物理学丛书
单 册:
中图分类: O413.1
科图分类:
主题词: 量子力学
电子资源:
ISBN:
000 00613nam2 2200229 45
001 0312221749
005 20041223112413.6
010    @b精装@dCNY2.40
091    @a13031.1586
100    @a20031222d1981 km y0chiy0120 ea
101    @achi
105    @a z 000yy
200 1  @a量子力学@ALiang Zi Li Xue@h上册@f曾谨言编著@FCeng Jin Yan Bian Zhu
210    @a北京@c科学出版社@d1981.7
215    @a296页@d20cm
225    @a现代物理学丛书
410    @12001 @a现代物理学丛书
606 0  @a量子力学
690    @aO413.1@v3
701 0  @a曾谨言@4编著
801    @aCN@bTSTCL@c20031222
905    @dO413.1@e1:1@f1@b65719
    
    量子力学.上册/曾谨言编著.-北京:科学出版社,1981.7
    296页;20cm.-(现代物理学丛书)
    
    
    ISBN (精装):CNY2.40
    
●
相关链接 在E读中查询图书 在五车中查询图书 在当当中查询图书 在豆瓣中查询图书


正题名:量子力学     索取号:O413.1/1:1         预约/预借

序号 登录号 条形码 馆藏地/架位号 状态 备注
1 0065718   001051328   密集书库/ [索取号:O413.1/1:1] 在馆    
2 0065719   001978006   第三借阅区/ [索取号:O413.1/1:1] 在馆    
3 0065720   001051346   第三借阅区/ [索取号:O413.1/1:1] 在馆    
4 0065721   001651288   密集书库/ [索取号:O413.1/1:1] 在馆    
5 0065722   001051355   第二样本阅览室/ [索取号:O413.1/1:1] 在馆    
唐山师范学院图书馆 欢迎您!
大连网信软件有限公司© 版权所有